000 00677nam a2200277Ia 4500
005 20260324144136.0
008 008 260324s9999 xx 000 0 eng d
020 _a9780203771273
037 _aEBOOK
040 _aCRL
040 _beng
040 _cCRL
041 _2eng
041 _aeng
084 _qCRL
100 _aPhilip A. Saigh; Thomas Oakland
_91218237
245 0 _aInternational Perspectives on Psychology in the Schools
260 _bTaylor and Francis
260 _c1989
365 _a
365 _b58.99
856 _uhttp://www.taylorfrancis.com/books/9780203771273
942 _cEBOOK
999 _c1824474
_d1824474